000 03258nab a2200289 i 4500
003 BR-BrBNA
005 20240603105140.0
008 240603b2015 bl.qr|pooa||| 00| 0 eng |
040 _aBR-BrBNA
_beng
072 _aJ11
072 _aH20
072 _aF60
100 _aPereira, C.G.
100 _aSilva, J.R.O.
100 _aBatista, L.R.
245 _aIsolation and identification of toxigenic and non-toxigenic fungi in samples of medicinal plants from the market
500 _aPublicação on-line; 28 ref.; 1 table; 1 illus.; Summaries (En, Pt)
520 _a ABSTRACT: The consumption of preparations of medicinal plants has been increasing during the last decades in occidental societies. The presence of toxigenic fungi in a plant product may represent a potential risk of contamination, because of aflatoxins and ochratoxins. In this study, 12 samples of medicinal plants were analyzed in relation to the level of fungal contamination, and the presence of producers of ochratoxin A and aflatoxins was assessed by visualization of fungi using a cromatovisor in coconut milk. Most of the species found belong to the genus Cladosporium, Fusarium, Aspergillus and Penicillium. Species producing ochratoxin A were present in 2 samples (16.7%), Melissa and Hibiscus. Species producing aflatoxin were found in samples of Jacaranda decurrens (8.33%). This study suggests that herbs, if stored improperly, can provide the growth of fungi and should be examined before consumption. Key words: Aspergillus. Penicillium. Moulds. Mycotoxin.
520 _a RESUMO: Isolamento e identificação de fungos toxigênicos e não toxigênicos em amostras plantas medicinais do comércio. O consumo das plantas medicinais vem aumentando nas últimas décadas nas sociedades ocidentais, porém, a presença de fungos toxigênicos nestas plantas pode representar um risco em potencial de contaminação devido à produção de aflatoxinas e ocratoxinas. Neste trabalho, 12 amostras de plantas medicinais foram analisadas em relação ao nível de contaminação por fungos, enquanto a presença de produtores de ocratoxina A e aflatoxinas foi avaliada pela visualização em cromatovisor dos fungos em meio de leite de coco. A maioria das espécies encontradas pertence aos gêneros Cladosporium, Fusarium, Aspergillus e Penicillium. Espécies produtoras de ocratoxina A estavam presentes em 2 amostras (16,7%), Melissa e Hibisco. Espécies produtoras de aflatoxina foram encontradas na amostra de Carobinha (8,33%). Este trabalho sugere que as ervas, sendo armazenadas inadequadamente, proporcionam o crescimento de fungos e, por isso, estes devem ser examinados antes do consumo. Palavras chave: Aspergillus. Penicillium. Fungos. Micotoxinas
650 _aASPERGILLUS NIGER
650 _aFUNGO
650 _aMICOTOXINA
773 0 _03543
_9315533
_dBotucatu-SP Instituto de Biociências - Departamento de Química e Bioquímica 1998
_o2024-1859
_tRevista Brasileira de Plantas Medicinais (Brazil)
_x1516-0572
_gv. 17(2) p. 262-266; (2015)
_wBR2024000838
856 _uhttps://www.scielo.br/j/rbpm/a/hGphCGtdFkxYLqNwNLF4Zsx/?format=pdf&lang=en
942 _cAnalítica
999 _c299866
_d299866